000 00526nam a2200193 a 4500
005 20210223120441.0
008 991125s1984 mx 000 0 spa u
020 _a9683905501
035 _aUPN01000001479
049 _aCG
050 4 _aPQ7797 B635
_bA4
100 1 _aBorges, Jorge Luis,
_d1899-1986
245 1 3 _aEl Aleph /
_cJorge Luis Borges.
260 _aMéxico :
_bAlianza,
_c1984.
300 _a184 p.
440 3 _aEl libro de bolsillo.
_pLiteratura ;
_v309
650 4 _aLITERATURA ARGENTINA
_95070
905 _aLibro
999 _c1479
_d1479